Which European Microstate ...? - Statistics

General Stats
  • This quiz has been taken 29 times
  • The average score is 13 of 18
Answer Stats
Question Answer % Correct
Is an island nation? Malta
100%
Is the seat of the Holy See? Vatican City
100%
Is a landlocked country surrounded by other landlocked countries? Liechtenstein
96%
Is famous for its Formula 1 race? Monaco
96%
Is the smallest? Vatican City
92%
Was once a British colony? Malta
88%
Uses the Swiss franc as its official currency? Liechtenstein
85%
Has the highest population density? Monaco
85%
Is the oldest continuously functioning republic? San Marino
81%
Was founded by a saint? San Marino
81%
Has the highest point? Andorra
73%
Speaks a Semitic language? Malta
73%
Is a monarchy ruled by the House of Grimaldi? Monaco
69%
Is an observer at the United Nations? Vatican City
58%
Is the biggest? Andorra
50%
Has two state leaders from other countries? Andorra
50%
Is known as "The Most Serene Republic"? San Marino
46%
Is not part of UNESCO? Liechtenstein
8%
No matching quizzes found
Score Distribution
Percent of People with Each Score
Percentile by Number Answered
Your Score History
You have not taken this quiz